Statystyki dla Miasta po ich panoramie

Kliknij tutaj aby rozwiązać quiz!

Ogólne statystyki

  • Ten quiz został rozwiązany 23 razy
  • Średni wynik to 6 z 16

Statystyki odpowiedzi

Odpowiedź% Poprawnych
Nowy Jork
76%
Paryż
65%
Londyn
53%
Tokio
53%
Frankfurt Nad Menem
47%
Los Angeles
47%
Toronto
41%
Kuala Lumpur
35%
Szanghaj
35%
Moskwa
29%
Tajpej
29%
Chicago
24%
Hong Kong
24%
Sydney
18%
Madryt
12%
Mediolan
12%

Rozkład punktacji

Percentyl według liczby udzielonych odpowiedzi

Procent ludzi z każdym wynikiem

Twoja historia wyników

Nie rozwiązałeś tego quizu